Lời phán quyết về Việt Nam : tiếng nói của một công dân /
Salvato in:
| Autore principale: | |
|---|---|
| Altri autori: | |
| Natura: | Sách giấy |
| Lingua: | Vietnamese |
| Pubblicazione: |
Hà Nội :
Quân đội Nhân dân,
1985
|
| Tags: |
Aggiungi Tag
Nessun Tag, puoi essere il primo ad aggiungerne! !
|
| Thư viện lưu trữ: | Thư viện Trường Đại học Đà Lạt |
|---|
| LEADER | 00687nam a2200253 4500 | ||
|---|---|---|---|
| 001 | DLU020017002 | ||
| 005 | ##1/10/2001 | ||
| 020 | # | # | |a 978- |
| 041 | # | # | |a vie |
| 082 | # | # | |a 959.704 38 |b AM-J |
| 100 | # | # | |a Amtơ, Giôdép A. |
| 245 | # | # | |a Lời phán quyết về Việt Nam : |b tiếng nói của một công dân / |c Giôdép A. Amtơ; Nguyễn Tấn Cưu dịch |
| 260 | # | # | |a Hà Nội : |b Quân đội Nhân dân, |c 1985 |
| 300 | # | # | |a 524 tr.; |c 19 cm. |
| 700 | # | # | |a Nguyễn Tấn Cưu |e dịch |
| 992 | # | # | |a 1505 |
| 994 | # | # | |a DLU |
| 900 | # | # | |a False |
| 911 | # | # | |a Administrator |
| 925 | # | # | |a G |
| 926 | # | # | |a A |
| 927 | # | # | |a SH |
| 980 | # | # | |a Thư viện Trường Đại học Đà Lạt |